02972cam a22004218i 450000100090000000300050000900500170001400800410003101000170007202000310008903500130012004000290013304200080016204300120017005000230018208200410020510000350024624500990028125000200038026300090040026400590040930000290046833600260049733700280052333800270055150503610057852008870093965000340182665000650186065500250192570000440195077601810199490600450217594200510222095201310227195201310240299900170253322369793CSPC20250814132813.0220103s2022 nju 000 0 eng  a 2021062919 a9781119720881q(paperback) a22369793 aDLCbengerdacDLCdCSPC apcc an-us---00aKF5701b.H372 202200a343.73078624bK398s223/eng/202202041 aKennon, Katherine E.,eauthor.10aStudy guide for the codes guidebook for interiors /cKatherine E. Kennon and Sharon K. Harmon. aEighth edition. a2204 1aHoboken, New Jersey :bJohn Wiley & Sons, Inc.,c2022. avii, 210 pages ;c27 cm. atextbtxt2rdacontent aunmediatedbn2rdamedia avolumebnc2rdacarrier0 aAbout the codes -- Accessibility -- Occupancy classifications and loads -- Construction types and building sizes -- Means of egress -- Fire and smoke resistant assemblies -- Fire protection systems -- Plumbing and mechanical requirements -- Electrical and communication requirements -- Finish and furniture selection -- Code officials and the code process. a"Completely revised and updated, the Eighth Edition of The Codes Guidebook for Interiors is the only book on the market devoted exclusively to codes that are applicable to interior designers. This guide features jargon-free explanations of all the codes and standards that are relevant to designers and architects, including performance codes, building and finish standards, energy codes, and ADA standards. Dozens of examples are enhanced with detailed illustrations and floor plans that clearly show how codes apply to real-world projects. This Eighth Edition has been updated to include the 2018 and 2021 ICC code provisions, including the International Building Code and NFPA's 2021 Life code. In an easy-to-navigate format, this single source guide saves hours of research time and can dramatically reduce the potential for costly planning oversights"--cProvided by publisher. 0aBuilding lawszUnited States. 0aInterior decoratorszUnited StatesxHandbooks, manuals, etc. 7aStudy guides.2lcgft1 aHarmon, Sharon Koomen,d1964-,eauthor.08iOnline version:aKennon, Katherine E.tStudy guide for the codes guidebook for interiors.bEighth edition.dHoboken, New Jersey : Wiley, [2022]z9781119720911w(DLC) 2021062920 a7bcbccorignewd1eecipf20gy-gencatlg 2ddccBKe23h343.73078624iK398skENGm2022n0 00102ddc4070aCSPCbCSPCcENGd2025-08-14l0oENG 343.73078624 K398s 2022p029955r2025-08-14 13:28:45t1-2w2025-08-14yBK 00102ddc4070aCSPCbCSPCcENGd2025-08-14l0oENG 343.73078624 K398s 2022p029956r2025-08-14 13:29:04t2-2w2025-08-14yBK c30021d30021